Separát štatistickej ročenky školstva SR 2024 stredné odborné školy

Guardado en:
Detalles Bibliográficos
Formato: Libro
Lenguaje:eslovaco
Publicado: Bratislava Centrum vedecko-technických informácií SR 2024
Materias:
Etiquetas: Agregar Etiqueta
Sin Etiquetas, Sea el primero en etiquetar este registro!

MARC

LEADER 00000nam a2200000 4500
001 0308190
005 20251218081007.9
041 0 |a slo 
044 |a SK 
245 1 0 |a Separát štatistickej ročenky školstva SR 2024  |b stredné odborné školy 
264 1 |a Bratislava  |b Centrum vedecko-technických informácií SR  |c 2024 
300 |a 60 s. 
610 2 0 |a Slovensko 
610 2 0 |a školstvo 
610 2 0 |a školy stredné odborné